| 000 | 01080nam a2200289 i 4500 | ||
|---|---|---|---|
| 003 | EG-ScBUE | ||
| 005 | 20240117122354.0 | ||
| 008 | 100617s1993 ua f 000 0b ara d | ||
| 017 | _a1993 / 4713 | ||
| 020 | _a9770133914 | ||
| 040 |
_aEG-ScBUE _bara _erda _cEG-ScBUE _dEG-ScBUE |
||
| 043 | _af-ua--- | ||
| 082 | 0 | 4 |
_a962.04092 _bا ل س _222 |
| 100 | 1 |
_914886 _aالسيد، أحمد لطفي، _d1872-1963، _eمؤلف. |
|
| 245 | 1 | 0 |
_aقصة حياتي / _cلأستاذ الجيل أحمد لطفي السيد. |
| 264 | 1 |
_aالقاهرة : _bالهيئة المصرية العامة للكتاب، _c1993. |
|
| 300 |
_a177 صفحة ؛ _c19 سم. |
||
| 336 |
_2rdacontent _aنص _btxt |
||
| 337 |
_aبدون وسيط _2rdamedia _bn |
||
| 338 |
_aمجلد _bnc _2rdacarrier |
||
| 490 | 0 | _aالمواجهة، التنوير | |
| 541 |
_cإهداء ؛ _aعلاء عبد الغني |
||
| 600 | 1 | 7 |
_914889 _aالسيد، أحمد لطفي، _d1872-1963. _2BUEsh |
| 650 | 7 |
_98438 _aالمصلحون المصريون _vتراجم. _2BUEsh |
|
| 655 | _vReading book | ||
| 942 |
_2ddc _cBB |
||
| 999 |
_c14120 _d14120 |
||